EPD congress 1995
Zapisane w:
| 1. autor: | |
|---|---|
| Format: | Książka |
| Język: | angielski |
| Wydane: |
Pittsburgh
TMS Minerals, Metals, Materials
1995
|
| Hasła przedmiotowe: | |
| Etykiety: |
Dodaj etykietę
Nie ma etykietki, Dołącz pierwszą etykiete!
|
MARC
| LEADER | 00000nam a2200000 a 4500 | ||
|---|---|---|---|
| 001 | UCP1760 | ||
| 003 | CL-VaPUC | ||
| 008 | 990426e19950000us |||||||||||||||||eng|d | ||
| 082 | 0 | 4 | |a 669 |b WAR |2 21 |
| 100 | 0 | |a Warren, Garry W |e author |9 427967 | |
| 245 | 1 | 0 | |a EPD congress 1995 |
| 300 | |a 578 p | ||
| 942 | |c BK | ||
| 945 | |d 19990426 00:00:00 |a rbrito | ||
| 260 | |a Pittsburgh |b TMS Minerals, Metals, Materials |c 1995 | ||
| 650 | 0 | |a Termodinámica |9 259320 | |
| 650 | 0 | |a Electroquímica |9 263973 | |
| 650 | 0 | |a Oxidación |9 326616 | |
| 650 | 7 | |a METALES PRECIOSOS |2 CL-VaPUC |9 356021 | |
| 650 | 0 | |a Hidrometalurgia |9 352265 | |
| 650 | 0 | |a Reciclaje |9 382935 | |
| 650 | 0 | |a Congresos |9 257560 | |
| 583 | |a last modification |c 20171218 06:47:48 |k Rodrigo Vera | ||
| 999 | |c 280401 |d 280399 | ||
| 952 | |0 0 |1 0 |4 0 |6 669_000000000000000_WAR_1995 |7 0 |8 A |9 320684 |a BIBING |b BIBING |d 2019-11-20 |i 3487105 |o 669 WAR 1995 |p 3487105 |r 2025-01-20 |w 2019-11-20 |y BK |k EIQ | ||